India's foreign trade : a study of trends and instability in the post-reform period (Record no. 443699)

000 -LEADER
fixed length control field 00457cam a22001337a 4500
008 - FIXED-LENGTH DATA ELEMENTS--GENERAL INFORMATION
fixed length control field 180718b2014 xxu||||| |||| 00| 0 eng d
020 ## - INTERNATIONAL STANDARD BOOK NUMBER
International Standard Book Number 8192745643
082 ## - DEWEY DECIMAL CLASSIFICATION NUMBER
Classification number T39x54 K96i
100 ## - MAIN ENTRY--PERSONAL NAME
Personal name Kumra, Akash and Nayak, Dinkar Narsinh
245 ## - TITLE STATEMENT
Title India's foreign trade : a study of trends and instability in the post-reform period
Statement of responsibility, etc. by Akash Kumra and Dinkar Narsinh Nayak
260 ## - PUBLICATION, DISTRIBUTION, ETC.
Place of publication, distribution, etc. New Delhi
Name of publisher, distributor, etc. ys books
Date of publication, distribution, etc. 2014
300 ## - PHYSICAL DESCRIPTION
Extent 221p.
650 ## - SUBJECT ADDED ENTRY--TOPICAL TERM
Topical term or geographic name entry element India --Commerce
Holdings
Withdrawn status Lost status Damaged status Not for loan Permanent Location Current Location Date acquired Full call number Barcode Date last seen Price effective from Koha item type
        Indian Institute of Public Administration Indian Institute of Public Administration 2014-03-03 T39x54 K96i 85548 2018-07-21 2018-07-21 Book

Powered by Koha